| 000 | 00427nam a2200181Ia 4500 | ||
|---|---|---|---|
| 001 | 8199 | ||
| 005 | 20260306160551.0 | ||
| 008 | 260306t2011||||xx |||||||||||||| ||spa|| | ||
| 041 | _aESP | ||
| 082 |
_a370.15 _bD283 |
||
| 100 |
_aDueñas Buey, María Luisa _eAUT |
||
| 245 | 0 | _aDiagnóstico pedagógico | |
| 260 | _c2011 | ||
| 300 |
_a412 páginas : _c24 cm. |
||
| 650 | _aGEN | ||
| 654 | _aCED | ||
| 942 |
_cLIB _dJUS _fJUS _2ddc _n |
||
| 999 |
_c8199 _d8199 |
||